| 000 | 00457nam a2200157 i 4500 | ||
|---|---|---|---|
| 001 | 52431 | ||
| 003 | ES-MaACL | ||
| 005 | 20230906162600.0 | ||
| 007 | t| | ||
| 008 | 030829s1958 fr ||||1| fre d | ||
| 100 | 1 |
_aDauvillier, A. _942845 |
|
| 245 | 1 | 2 |
_aL'origine photochimique de la vie / _cpar A. Dauvillier. |
| 260 |
_aParis : _bMasson et Cie, _c1958 ( _fCrété) |
||
| 300 |
_a214 p., 6 lám. : _bil. ; _c23 cm. |
||
| 852 |
_aES-MaACL _jC-16880 _bR.45105 |
||
| 999 |
_c52431 _d52431 |
||